[Event "WCO 2016"]
[Site "?"]
[Date "2016.09.13"]
[Round "11"]
[Board "14"]
[WhiteID "13702971"]
[White "Dauletova Gulmira"]
[BlackID "13505300"]
[Black "Stetsko Lanita"]
[Result "1/2-1/2"]
[BlackElo "2170"]
[WhiteElo "2275"]
[LiveChessVersion "1.4.8"]

1. e4 {[%clk 1:30:36]} e5 {[%clk 1:30:49]} 2. Nf3 {[%clk 1:30:30]} Nc6
{[%clk 1:31:12]} 3. Bb5 {[%clk 1:30:11]} a6 {[%clk 1:31:25]} 4. Ba4
{[%clk 1:30:11]} Nf6 {[%clk 1:31:41]} 5. O-O {[%clk 1:29:32]} Be7
{[%clk 1:31:55]} 6. Re1 {[%clk 1:29:12]} b5 {[%clk 1:31:29]} 7. Bb3
{[%clk 1:29:34]} d6 {[%clk 1:31:50]} 8. c3 {[%clk 1:29:04]} O-O {[%clk 1:32:08]}
9. h3 {[%clk 1:28:27]} Nb8 {[%clk 1:31:42]} 10. d4 {[%clk 1:27:13]} Nbd7
{[%clk 1:31:04]} 11. Nbd2 {[%clk 1:26:17]} Bb7 {[%clk 1:30:56]} 12. Bc2
{[%clk 1:25:05]} Re8 {[%clk 1:30:47]} 13. Nf1 {[%clk 1:24:22]} Bf8
{[%clk 1:30:45]} 14. Ng3 {[%clk 1:23:22]} g6 {[%clk 1:30:52]} 15. Bg5
{[%clk 1:20:34]} Bg7 {[%clk 1:22:58]} 16. Qd2 {[%clk 1:17:39]} Qe7
{[%clk 1:21:02]} 17. a4 {[%clk 1:08:02]} c6 {[%clk 1:18:04]} 18. b4
{[%clk 0:58:21]} Nb6 {[%clk 1:11:11]} 19. Bb3 {[%clk 0:48:46]} bxa4
{[%clk 0:50:38]} 20. Bxa4 {[%clk 0:25:40]} a5 {[%clk 0:49:08]} 21. bxa5
{[%clk 0:19:37]} Rxa5 {[%clk 0:42:50]} 22. Bb3 {[%clk 0:19:55]} Rxa1
{[%clk 0:22:36]} 23. Rxa1 {[%clk 0:20:18]} exd4 {[%clk 0:22:18]} 24. cxd4
{[%clk 0:19:45]} Qc7 {[%clk 0:21:01]} 25. Qf4 {[%clk 0:17:28]} Nbd7
{[%clk 0:20:15]} 26. Rc1 {[%clk 0:11:30]} Qb8 {[%clk 0:18:05]} 27. Bh6
{[%clk 0:08:28]} c5 {[%clk 0:16:04]} 28. Bxg7 {[%clk 0:07:16]} Kxg7
{[%clk 0:16:33]} 29. Ng5 {[%clk 0:05:07]} Re7 {[%clk 0:14:25]} 30. dxc5
{[%clk 0:04:39]} dxc5 {[%clk 0:12:57]} 31. Qxb8 {[%clk 0:04:52]} Nxb8
{[%clk 0:13:25]} 32. Rxc5 {[%clk 0:04:03]} Nc6 {[%clk 0:10:50]} 33. Bd5
{[%clk 0:03:25]} Nxd5 {[%clk 0:09:26]} 34. Rxd5 {[%clk 0:02:27]} Ne5
{[%clk 0:06:21]} 35. Rd4 {[%clk 0:02:15]} Rd7 {[%clk 0:05:32]} 36. Rxd7
{[%clk 0:01:47]} Nxd7 {[%clk 0:05:57]} 37. Nf3 {[%clk 0:01:37]} Kf6
{[%clk 0:04:41]} 38. Nd2 {[%clk 0:00:39]} Ke6 {[%clk 0:01:03]} 39. f3
{[%clk 0:00:45]} Nc5 {[%clk 0:00:51]} 40. Nc4 {[%clk 0:30:43]} Ba6
{[%clk 0:30:38]} 41. Ne3 {[%clk 0:25:10]} Nd3 {[%clk 0:29:07]} 42. Ne2
{[%clk 0:22:58]} h5 {[%clk 0:26:10]} 43. f4 {[%clk 0:17:26]} Bb7 {[%clk 0:25:27]}
44. e5 {[%clk 0:16:46]} f6 {[%clk 0:24:49]} 45. exf6 {[%clk 0:13:57]} Kxf6
{[%clk 0:25:14]} 46. h4 {[%clk 0:13:06]} Nc5 {[%clk 0:16:49]} 47. Nd4
{[%clk 0:10:41]} Ne4 {[%clk 0:16:12]} 48. Kh2 {[%clk 0:09:38]} Nd2
{[%clk 0:15:56]} 49. Kh3 {[%clk 0:08:44]} Ne4 {[%clk 0:15:08]} 50. Nf3
{[%clk 0:08:32]} Nf2+ {[%clk 0:15:16]} 51. Kg3 {[%clk 0:09:01]} Ne4+
{[%clk 0:15:00]} 52. Kh2 {[%clk 0:09:29]} Nf2 {[%clk 0:13:50]} 53. Ng5
{[%clk 0:08:51]} Nd3 {[%clk 0:13:36]} 54. Kg3 {[%clk 0:06:36]} Nc1
{[%clk 0:12:30]} 55. Nh3 {[%clk 0:05:20]} Nd3 {[%clk 0:12:28]} 56. Kh2
{[%clk 0:02:18]} Nc1 {[%clk 0:12:35]} 57. g3 {[%clk 0:00:36]} Ne2
{[%clk 0:12:23]} 58. Ng5 {[%clk 0:00:57]} Ba8 {[%clk 0:12:11]} 59. Nc4
{[%clk 0:01:22]} Kf5 {[%clk 0:10:24]} 60. Ne3+ {[%clk 0:01:18]} Kf6
{[%clk 0:10:52]} 61. Nc4 {[%clk 0:01:40]} Kf5 {[%clk 0:11:21]} 62. Ne3+
{[%clk 0:00:53]} 1/2-1/2

[Event "WCO 2016"]
[Site "?"]
[Date "2016.09.13"]
[Round "11"]
[Board "15"]
[WhiteID "13509926"]
[White "Badelka Olga"]
[BlackID "13700138"]
[Black "Zhylkaidarova Sholpan"]
[Result "1/2-1/2"]
[BlackElo "2162"]
[WhiteElo "2222"]
[LiveChessVersion "1.4.8"]

1. c4 {[%clk 1:30:58]} Nf6 {[%clk 1:29:04]} 2. g3 {[%clk 1:31:19]} e6
{[%clk 1:27:31]} 3. Bg2 {[%clk 1:31:41]} d5 {[%clk 1:26:06]} 4. Nf3
{[%clk 1:32:03]} dxc4 {[%clk 1:24:09]} 5. Qa4+ {[%clk 1:32:14]} c6
{[%clk 1:22:52]} 6. Qxc4 {[%clk 1:32:20]} b5 {[%clk 1:22:02]} 7. Qb3
{[%clk 1:31:39]} Bb7 {[%clk 1:19:46]} 8. O-O {[%clk 1:31:17]} Nbd7
{[%clk 1:17:45]} 9. d4 {[%clk 1:27:33]} a6 {[%clk 1:14:32]} 10. a4
{[%clk 1:25:03]} Rc8 {[%clk 1:11:04]} 11. axb5 {[%clk 1:18:23]} cxb5
{[%clk 1:10:23]} 12. Nc3 {[%clk 1:16:53]} Qb6 {[%clk 1:06:20]} 13. Be3
{[%clk 1:03:54]} Nd5 {[%clk 1:02:34]} 14. Bd2 {[%clk 1:04:12]} N7f6
{[%clk 1:01:46]} 15. Rfc1 {[%clk 1:03:08]} Nxc3 {[%clk 0:50:34]} 16. Rxc3
{[%clk 1:00:44]} Rxc3 {[%clk 0:48:55]} 17. Bxc3 {[%clk 0:57:21]} Bd5
{[%clk 0:46:59]} 18. Qc2 {[%clk 0:55:18]} Be4 {[%clk 0:33:28]} 19. Qc1
{[%clk 0:50:05]} Qb7 {[%clk 0:25:45]} 20. Ne1 {[%clk 0:43:24]} Bxg2
{[%clk 0:23:06]} 21. Nxg2 {[%clk 0:43:50]} Be7 {[%clk 0:22:44]} 22. d5
{[%clk 0:29:39]} exd5 {[%clk 0:18:33]} 23. Ne3 {[%clk 0:29:39]} Qd7
{[%clk 0:11:12]} 24. Qd2 {[%clk 0:12:05]} O-O {[%clk 0:10:17]} 25. Rxa6
{[%clk 0:09:59]} Rd8 {[%clk 0:09:42]} 26. Bxf6 {[%clk 0:08:59]} Bxf6
{[%clk 0:09:55]} 27. Ng2 {[%clk 0:08:10]} Qf5 {[%clk 0:08:27]} 28. Ra1
{[%clk 0:06:46]} Qe5 {[%clk 0:08:53]} 29. Rb1 {[%clk 0:06:33]} g6
{[%clk 0:06:11]} 30. Ne3 {[%clk 0:04:44]} Qe4 {[%clk 0:05:34]} 31. Rd1
{[%clk 0:04:49]} d4 {[%clk 0:04:21]} 32. Nc2 {[%clk 0:04:15]} Kg7
{[%clk 0:03:03]} 33. Nb4 {[%clk 0:04:03]} Re8 {[%clk 0:03:09]} 34. Re1
{[%clk 0:04:27]} Rc8 {[%clk 0:02:59]} 35. Nd3 {[%clk 0:04:26]} Qd5
{[%clk 0:02:27]} 36. Rc1 {[%clk 0:01:01]} Rc4 {[%clk 0:01:53]} 37. Rd1
{[%clk 0:01:01]} Qc6 {[%clk 0:01:33]} 38. Rc1 {[%clk 0:01:05]} Qe6
{[%clk 0:01:06]} 39. Rd1 {[%clk 0:01:05]} Qc8 {[%clk 0:01:00]} 40. Rc1
{[%clk 0:31:28]} Qc6 {[%clk 0:30:55]} 41. Qf4 {[%clk 0:28:17]} Rc2
{[%clk 0:26:08]} 42. Rxc2 {[%clk 0:27:58]} Qxc2 {[%clk 0:25:32]} 43. Qf3
{[%clk 0:25:53]} Qd2 {[%clk 0:22:29]} 44. Kg2 {[%clk 0:25:08]} b4
{[%clk 0:22:45]} 45. b3 {[%clk 0:23:47]} Qc3 {[%clk 0:13:43]} 46. Nf4
{[%clk 0:21:25]} Qc5 {[%clk 0:12:40]} 47. Nd5 {[%clk 0:19:15]} Qd6
{[%clk 0:12:34]} 48. Nf4 {[%clk 0:13:20]} Be5 {[%clk 0:11:42]} 49. Nd3
{[%clk 0:13:43]} Bf6 {[%clk 0:11:22]} 50. Qe4 {[%clk 0:13:09]} Kg8
{[%clk 0:08:59]} 51. Qe8+ {[%clk 0:13:01]} Kg7 {[%clk 0:09:20]} 52. Qb5
{[%clk 0:13:25]} Qe6 {[%clk 0:09:30]} 53. Nxb4 {[%clk 0:10:15]} Qxb3
{[%clk 0:09:40]} 54. Qc5 {[%clk 0:10:21]} Qa3 {[%clk 0:07:00]} 55. Qc4
{[%clk 0:09:20]} Qa4 {[%clk 0:06:22]} 56. Qc5 {[%clk 0:07:39]} Qa3
{[%clk 0:06:29]} 57. h4 {[%clk 0:06:42]} h5 {[%clk 0:06:01]} 58. Nd3
{[%clk 0:06:49]} Qa8+ {[%clk 0:06:22]} 59. Kh2 {[%clk 0:05:05]} Qe4
{[%clk 0:06:27]} 60. Qc2 {[%clk 0:05:10]} Be5 {[%clk 0:05:49]} 61. Kg1
{[%clk 0:05:06]} Bf6 {[%clk 0:05:20]} 62. Ne1 {[%clk 0:05:04]} Qa8
{[%clk 0:02:53]} 63. Nf3 {[%clk 0:05:05]} Qa1+ {[%clk 0:03:17]} 64. Kg2
{[%clk 0:04:43]} Qa6 {[%clk 0:02:55]} 65. Qd3 {[%clk 0:04:27]} Qc6
{[%clk 0:02:28]} 66. Kh2 {[%clk 0:03:42]} Qb6 {[%clk 0:02:05]} 67. Nd2
{[%clk 0:02:03]} Qe6 {[%clk 0:01:20]} 68. Nf3 {[%clk 0:01:46]} 1/2-1/2

[Event "WCO 2016"]
[Site "?"]
[Date "2016.09.13"]
[Round "11"]
[Board "16"]
[WhiteID "13706349"]
[White "Mukhit Aisezym"]
[BlackID "13506480"]
[Black "Revo Tatiana"]
[Result "0-1"]
[BlackElo "2087"]
[WhiteElo "2065"]
[LiveChessVersion "1.4.8"]

1. e4 {[%clk 1:30:53]} c5 {[%clk 1:30:55]} 2. Nf3 {[%clk 1:31:09]} d6
{[%clk 1:31:20]} 3. Bb5+ {[%clk 1:31:02]} Bd7 {[%clk 1:31:44]} 4. Bxd7+
{[%clk 1:30:59]} Qxd7 {[%clk 1:32:08]} 5. c4 {[%clk 1:30:34]} Nf6
{[%clk 1:32:21]} 6. Nc3 {[%clk 1:30:38]} Nc6 {[%clk 1:32:42]} 7. d4
{[%clk 1:30:06]} cxd4 {[%clk 1:33:03]} 8. Nxd4 {[%clk 1:30:23]} g6
{[%clk 1:33:03]} 9. f3 {[%clk 1:30:13]} Bg7 {[%clk 1:33:25]} 10. Be3
{[%clk 1:30:35]} O-O {[%clk 1:33:46]} 11. O-O {[%clk 1:30:56]} a6
{[%clk 1:30:52]} 12. Qd3 {[%clk 1:26:26]} Ne5 {[%clk 1:09:34]} 13. Qe2
{[%clk 1:25:43]} Rac8 {[%clk 1:09:28]} 14. b3 {[%clk 1:24:48]} e6
{[%clk 1:08:49]} 15. Rac1 {[%clk 1:22:27]} d5 {[%clk 0:44:11]} 16. f4
{[%clk 0:52:47]} Neg4 {[%clk 0:32:34]} 17. e5 {[%clk 0:50:41]} Nxe3
{[%clk 0:32:44]} 18. exf6 {[%clk 0:50:23]} Nxf1 {[%clk 0:32:43]} 19. fxg7
{[%clk 0:50:45]} Rfd8 {[%clk 0:23:23]} 20. cxd5 {[%clk 0:39:03]} Nxh2
{[%clk 0:21:21]} 21. Kxh2 {[%clk 0:38:55]} exd5 {[%clk 0:18:58]} 22. Qf3
{[%clk 0:35:12]} Qe7 {[%clk 0:16:34]} 23. Qg3 {[%clk 0:26:49]} Qa3
{[%clk 0:13:07]} 24. Re1 {[%clk 0:25:54]} Qb2 {[%clk 0:12:59]} 25. Re3
{[%clk 0:24:20]} Re8 {[%clk 0:12:59]} 26. Rxe8+ {[%clk 0:23:37]} Rxe8
{[%clk 0:13:26]} 27. Qd3 {[%clk 0:23:23]} Qf2 {[%clk 0:13:16]} 28. Nce2
{[%clk 0:09:49]} Re3 {[%clk 0:12:18]} 29. Qd1 {[%clk 0:09:41]} h5
{[%clk 0:11:47]} 30. Qc2 {[%clk 0:04:42]} h4 {[%clk 0:05:53]} 31. Qc8+
{[%clk 0:04:26]} Kxg7 {[%clk 0:06:20]} 32. Qg4 {[%clk 0:04:36]} Kf8
{[%clk 0:06:17]} 33. Kh1 {[%clk 0:01:01]} Rd3 {[%clk 0:03:46]} 34. f5
{[%clk 0:00:39]} h3 {[%clk 0:03:39]} 35. gxh3 {[%clk 0:00:36]} Rd1+
{[%clk 0:03:58]} 36. Ng1 {[%clk 0:00:59]} Qxd4 {[%clk 0:03:36]} 37. fxg6
{[%clk 0:00:31]} Qxg4 {[%clk 0:02:32]} 38. hxg4 {[%clk 0:00:57]} fxg6
{[%clk 0:02:57]} 39. Kg2 {[%clk 0:01:18]} Rxg1+ {[%clk 0:01:55]} 40. Kxg1
{[%clk 0:31:44]} Ke7 {[%clk 0:32:20]} 41. Kf2 {[%clk 0:32:10]} Ke6
{[%clk 0:32:39]} 42. Ke3 {[%clk 0:32:34]} Ke5 {[%clk 0:33:01]} 0-1

[Event "WCO 2016"]
[Site "?"]
[Date "2016.09.13"]
[Round "11"]
[Board "17"]
[WhiteID "11601124"]
[White "Reizniece-Ozola Dana"]
[BlackID "3603687"]
[Black "Heredia Serrano Carla"]
[Result "1/2-1/2"]
[BlackElo "2075"]
[WhiteElo "2243"]
[LiveChessVersion "1.4.8"]

1. c4 {[%clk 1:30:58]} e5 {[%clk 1:30:58]} 2. g3 {[%clk 1:31:20]} Nf6
{[%clk 1:31:17]} 3. Bg2 {[%clk 1:31:42]} Nc6 {[%clk 1:31:44]} 4. Nc3
{[%clk 1:31:51]} Bc5 {[%clk 1:32:09]} 5. a3 {[%clk 1:31:53]} O-O {[%clk 1:29:51]}
6. e3 {[%clk 1:28:50]} a6 {[%clk 1:25:10]} 7. Nge2 {[%clk 1:28:12]} d6
{[%clk 1:24:53]} 8. O-O {[%clk 1:26:58]} Ba7 {[%clk 1:24:08]} 9. b4
{[%clk 1:23:08]} Bf5 {[%clk 1:22:39]} 10. d3 {[%clk 1:20:23]} Qd7
{[%clk 1:22:13]} 11. Nd5 {[%clk 1:16:31]} Nxd5 {[%clk 1:11:01]} 12. cxd5
{[%clk 1:16:53]} Ne7 {[%clk 1:11:21]} 13. d4 {[%clk 1:10:56]} Bg4
{[%clk 0:55:51]} 14. Bb2 {[%clk 1:00:15]} Bxe2 {[%clk 0:49:49]} 15. Qxe2
{[%clk 1:00:40]} exd4 {[%clk 0:50:16]} 16. Bxd4 {[%clk 0:55:27]} Bxd4
{[%clk 0:49:27]} 17. exd4 {[%clk 0:55:56]} Rfe8 {[%clk 0:35:38]} 18. Qc2
{[%clk 0:54:35]} Nf5 {[%clk 0:28:50]} 19. Qd3 {[%clk 0:28:06]} g6
{[%clk 0:05:13]} 20. Bh3 {[%clk 0:26:22]} Re7 {[%clk 0:05:27]} 21. Rfe1
{[%clk 0:24:15]} Rae8 {[%clk 0:05:08]} 22. Rxe7 {[%clk 0:23:19]} Rxe7
{[%clk 0:04:40]} 23. Rc1 {[%clk 0:22:06]} h5 {[%clk 0:01:50]} 24. Kg2
{[%clk 0:20:53]} Kg7 {[%clk 0:01:58]} 25. a4 {[%clk 0:15:16]} Kf6
{[%clk 0:01:56]} 26. Qf3 {[%clk 0:11:32]} Kg7 {[%clk 0:01:30]} 27. b5
{[%clk 0:08:37]} axb5 {[%clk 0:01:51]} 28. axb5 {[%clk 0:09:03]} Kf8
{[%clk 0:00:38]} 29. Ra1 {[%clk 0:07:03]} Kg7 {[%clk 0:00:41]} 30. Ra8
{[%clk 0:04:37]} Re1 {[%clk 0:00:45]} 31. Bxf5 {[%clk 0:03:04]} Qxf5
{[%clk 0:01:12]} 32. Qxf5 {[%clk 0:03:05]} gxf5 {[%clk 0:01:40]} 33. Ra7
{[%clk 0:03:13]} b6 {[%clk 0:00:45]} 34. Rxc7 {[%clk 0:03:38]} Rb1
{[%clk 0:00:59]} 35. Rc6 {[%clk 0:03:59]} Rxb5 {[%clk 0:01:27]} 36. Rxd6
{[%clk 0:04:28]} Rb4 {[%clk 0:01:11]} 37. Kh3 {[%clk 0:02:29]} Rxd4
{[%clk 0:01:22]} 38. Rxb6 {[%clk 0:02:03]} Rxd5 {[%clk 0:01:22]} 39. Rb2
{[%clk 0:01:45]} Kg6 {[%clk 0:01:18]} 40. f4 {[%clk 0:31:15]} Rd8
{[%clk 0:30:49]} 41. Kh4 {[%clk 0:29:00]} Rc8 {[%clk 0:26:08]} 42. h3
{[%clk 0:27:35]} Ra8 {[%clk 0:22:37]} 43. Rb6+ {[%clk 0:27:34]} f6
{[%clk 0:23:02]} 44. Rb5 {[%clk 0:26:48]} Rh8 {[%clk 0:21:43]} 45. Rc5
{[%clk 0:27:10]} Rh6 {[%clk 0:18:01]} 46. Rc8 {[%clk 0:26:53]} Rh7
{[%clk 0:18:15]} 47. Rg8+ {[%clk 0:27:03]} Kf7 {[%clk 0:18:36]} 48. Ra8
{[%clk 0:27:09]} Kg6 {[%clk 0:18:53]} 49. Rb8 {[%clk 0:27:33]} Rh6
{[%clk 0:19:11]} 50. Rg8+ {[%clk 0:27:04]} Kf7 {[%clk 0:19:32]} 51. Rc8
{[%clk 0:27:14]} Kg6 {[%clk 0:19:55]} 52. Rc7 {[%clk 0:27:36]} Rh8
{[%clk 0:20:17]} 53. Rc5 {[%clk 0:27:56]} 1/2-1/2

[Event "WCO 2016"]
[Site "?"]
[Date "2016.09.13"]
[Round "11"]
[Board "18"]
[WhiteID "3600424"]
[White "Moncayo Romero Evelyn"]
[BlackID "11601876"]
[Black "Rogule Laura"]
[Result "1-0"]
[BlackElo "2306"]
[WhiteElo "2046"]
[LiveChessVersion "1.4.8"]

1. e4 {[%clk 1:30:53]} c5 {[%clk 1:30:55]} 2. Nf3 {[%clk 1:31:13]} Nc6
{[%clk 1:31:10]} 3. Bb5 {[%clk 1:31:23]} g6 {[%clk 1:31:22]} 4. O-O
{[%clk 1:31:34]} Bg7 {[%clk 1:31:43]} 5. c3 {[%clk 1:31:55]} Nf6 {[%clk 1:28:36]}
6. Re1 {[%clk 1:32:00]} O-O {[%clk 1:27:35]} 7. h3 {[%clk 1:31:17]} a6
{[%clk 0:58:07]} 8. Bf1 {[%clk 1:31:00]} b5 {[%clk 0:56:54]} 9. d4
{[%clk 1:25:31]} d6 {[%clk 0:47:08]} 10. a4 {[%clk 1:16:30]} b4 {[%clk 0:43:25]}
11. d5 {[%clk 1:13:15]} Na5 {[%clk 0:41:50]} 12. c4 {[%clk 1:06:13]} Nd7
{[%clk 0:31:21]} 13. Ra2 {[%clk 0:59:56]} b3 {[%clk 0:30:36]} 14. Ra3
{[%clk 0:53:11]} Rb8 {[%clk 0:23:56]} 15. Bd3 {[%clk 0:50:35]} Nb6
{[%clk 0:21:51]} 16. Qe2 {[%clk 0:45:35]} Bd7 {[%clk 0:21:18]} 17. Nc3
{[%clk 0:31:07]} Bxc3 {[%clk 0:18:39]} 18. bxc3 {[%clk 0:31:31]} Nbxc4
{[%clk 0:16:14]} 19. Bxc4 {[%clk 0:29:58]} b2 {[%clk 0:16:24]} 20. Ba2
{[%clk 0:26:55]} bxc1=Q {[%clk 0:15:31]} 21. Rxc1 {[%clk 0:27:20]} Qb6
{[%clk 0:12:16]} 22. Rb1 {[%clk 0:22:57]} Qa7 {[%clk 0:12:44]} 23. e5
{[%clk 0:16:51]} c4 {[%clk 0:03:31]} 24. Rb4 {[%clk 0:12:06]} Qc7
{[%clk 0:02:09]} 25. Nd2 {[%clk 0:03:33]} Rfc8 {[%clk 0:00:47]} 26. Bxc4
{[%clk 0:01:19]} Qc5 {[%clk 0:00:44]} 27. Ne4 {[%clk 0:01:10]} Qa7
{[%clk 0:00:39]} 28. Bxa6 {[%clk 0:01:10]} Rd8 {[%clk 0:00:36]} 29. exd6
{[%clk 0:01:22]} Bf5 {[%clk 0:00:47]} 30. Bd3 {[%clk 0:01:06]} Bxe4
{[%clk 0:00:48]} 31. dxe7 {[%clk 0:01:03]} Qxe7 {[%clk 0:00:43]} 32. Qxe4
{[%clk 0:01:21]} Qd6 {[%clk 0:00:40]} 33. Rxb8 {[%clk 0:01:11]} Qxb8
{[%clk 0:00:51]} 34. Bb5 {[%clk 0:01:12]} Nb7 {[%clk 0:00:41]} 35. c4
{[%clk 0:01:10]} Nd6 {[%clk 0:00:44]} 36. Qe5 {[%clk 0:00:47]} Qb6
{[%clk 0:00:41]} 37. Re3 {[%clk 0:00:37]} Nf5 {[%clk 0:00:39]} 38. Re1
{[%clk 0:01:00]} Qc5 {[%clk 0:00:45]} 39. a5 {[%clk 0:01:13]} Ra8
{[%clk 0:00:54]} 40. a6 {[%clk 0:30:58]} Ra7 {[%clk 0:31:06]} 41. Qb8+
{[%clk 0:31:06]} Kg7 {[%clk 0:31:25]} 42. Rd1 {[%clk 0:30:17]} Nd6
{[%clk 0:25:37]} 43. Ra1 {[%clk 0:19:20]} h5 {[%clk 0:23:51]} 44. h4
{[%clk 0:12:14]} Qd4 {[%clk 0:18:54]} 45. Re1 {[%clk 0:10:42]} Qc5
{[%clk 0:18:54]} 46. g3 {[%clk 0:10:27]} Rc7 {[%clk 0:18:11]} 47. Bc6
{[%clk 0:09:39]} Ra7 {[%clk 0:17:18]} 48. Bb7 {[%clk 0:08:56]} Qb6
{[%clk 0:16:33]} 49. Re8 {[%clk 0:07:35]} Nxc4 {[%clk 0:03:02]} 50. Rg8+
{[%clk 0:07:24]} Kh7 {[%clk 0:03:11]} 51. Qf8 {[%clk 0:07:14]} Qf6
{[%clk 0:03:26]} 52. Qc5 {[%clk 0:06:49]} Kxg8 {[%clk 0:00:59]} 53. Qxa7
{[%clk 0:07:12]} Nd2 {[%clk 0:00:51]} 54. Qb8+ {[%clk 0:07:19]} Kg7
{[%clk 0:01:06]} 55. Qf4 {[%clk 0:06:17]} Qa1+ {[%clk 0:00:51]} 56. Kh2
{[%clk 0:04:54]} Nf1+ {[%clk 0:00:48]} 57. Kg2 {[%clk 0:05:17]} Qd1
{[%clk 0:00:49]} 58. a7 {[%clk 0:05:04]} 1-0

[Event "WCO 2016"]
[Site "?"]
[Date "2016.09.13"]
[Round "11"]
[Board "19"]
[WhiteID "11601345"]
[White "Berzina Ilze"]
[BlackID "3603806"]
[Black "Romero Echeverria Abigail"]
[Result "1-0"]
[BlackElo "2106"]
[WhiteElo "2241"]
[LiveChessVersion "1.4.8"]

1. e4 {[%clk 1:30:58]} c5 {[%clk 1:30:51]} 2. Nf3 {[%clk 1:31:19]} e6
{[%clk 1:31:16]} 3. g3 {[%clk 1:31:33]} b6 {[%clk 1:31:33]} 4. Bg2
{[%clk 1:31:46]} Bb7 {[%clk 1:31:58]} 5. Qe2 {[%clk 1:31:39]} d6 {[%clk 1:29:23]}
6. O-O {[%clk 1:30:17]} Be7 {[%clk 1:24:17]} 7. d4 {[%clk 1:28:24]} cxd4
{[%clk 1:24:11]} 8. Nxd4 {[%clk 1:28:46]} Nd7 {[%clk 1:22:22]} 9. Rd1
{[%clk 1:27:35]} a6 {[%clk 1:16:12]} 10. Nc3 {[%clk 1:26:42]} Qc7
{[%clk 1:10:55]} 11. f4 {[%clk 1:05:10]} Rc8 {[%clk 0:58:09]} 12. a4
{[%clk 0:55:18]} Qb8 {[%clk 0:40:17]} 13. Be3 {[%clk 0:49:52]} Qa8
{[%clk 0:20:03]} 14. Bf2 {[%clk 0:43:01]} h5 {[%clk 0:18:53]} 15. Re1
{[%clk 0:42:15]} g6 {[%clk 0:04:38]} 16. Bh3 {[%clk 0:38:06]} Ngf6
{[%clk 0:02:09]} 17. Rad1 {[%clk 0:31:24]} Kf8 {[%clk 0:01:08]} 18. e5
{[%clk 0:30:20]} Ng4 {[%clk 0:00:47]} 19. exd6 {[%clk 0:30:08]} Bf6
{[%clk 0:00:45]} 20. Rd2 {[%clk 0:17:36]} Rh7 {[%clk 0:00:43]} 21. Ne4
{[%clk 0:16:50]} Bxd4 {[%clk 0:00:50]} 22. Bxd4 {[%clk 0:16:50]} Bxe4
{[%clk 0:00:52]} 23. Qxe4 {[%clk 0:17:12]} Qxe4 {[%clk 0:01:04]} 24. Rxe4
{[%clk 0:17:40]} Rc4 {[%clk 0:01:16]} 25. Bg7+ {[%clk 0:17:44]} Kxg7
{[%clk 0:01:12]} 26. Rxc4 {[%clk 0:18:05]} Ngf6 {[%clk 0:01:37]} 27. Rc8
{[%clk 0:16:36]} Rh8 {[%clk 0:00:52]} 28. Rxh8 {[%clk 0:16:57]} Kxh8
{[%clk 0:01:16]} 29. Bg2 {[%clk 0:17:16]} e5 {[%clk 0:00:55]} 30. fxe5
{[%clk 0:16:10]} Nxe5 {[%clk 0:01:24]} 31. b4 {[%clk 0:13:11]} Kg7
{[%clk 0:00:47]} 32. c4 {[%clk 0:11:14]} Nfd7 {[%clk 0:00:42]} 33. Rc2
{[%clk 0:10:34]} f6 {[%clk 0:00:36]} 34. c5 {[%clk 0:10:49]} bxc5
{[%clk 0:00:37]} 35. bxc5 {[%clk 0:11:13]} 1-0

[Event "WCO 2016"]
[Site "?"]
[Date "2016.09.13"]
[Round "11"]
[Board "20"]
[WhiteID "3503844"]
[White "Bosch Garcia Jacqueline"]
[BlackID "11600241"]
[Black "Erneste Inguna"]
[Result "1-0"]
[BlackElo "2178"]
[WhiteElo "2011"]
[LiveChessVersion "1.4.8"]

1. e4 {[%clk 1:30:56]} e5 {[%clk 1:30:54]} 2. Nf3 {[%clk 1:31:22]} Nc6
{[%clk 1:31:17]} 3. Bb5 {[%clk 1:31:47]} a6 {[%clk 1:31:42]} 4. Ba4
{[%clk 1:32:12]} Nf6 {[%clk 1:32:07]} 5. d3 {[%clk 1:32:38]} b5 {[%clk 1:30:44]}
6. Bb3 {[%clk 1:33:03]} Be7 {[%clk 1:30:40]} 7. O-O {[%clk 1:33:20]} O-O
{[%clk 1:30:26]} 8. Re1 {[%clk 1:33:00]} d6 {[%clk 1:26:42]} 9. a4
{[%clk 1:32:40]} Rb8 {[%clk 1:16:55]} 10. c3 {[%clk 1:32:36]} Na5
{[%clk 1:12:07]} 11. Bc2 {[%clk 1:32:01]} c5 {[%clk 1:10:30]} 12. axb5
{[%clk 1:28:52]} axb5 {[%clk 1:08:33]} 13. Nbd2 {[%clk 1:27:56]} Nc6
{[%clk 1:05:51]} 14. Nf1 {[%clk 1:27:49]} d5 {[%clk 0:39:01]} 15. exd5
{[%clk 1:20:12]} Qxd5 {[%clk 0:38:14]} 16. Bb3 {[%clk 1:20:01]} Qd6
{[%clk 0:28:20]} 17. Ng3 {[%clk 1:09:33]} Rb7 {[%clk 0:18:05]} 18. Qe2
{[%clk 1:04:15]} Re8 {[%clk 0:13:58]} 19. h3 {[%clk 1:03:09]} Bf8
{[%clk 0:13:41]} 20. Bg5 {[%clk 1:01:06]} h6 {[%clk 0:13:02]} 21. Bxf6
{[%clk 0:56:49]} Qxf6 {[%clk 0:13:25]} 22. d4 {[%clk 0:56:37]} cxd4
{[%clk 0:07:48]} 23. cxd4 {[%clk 0:56:09]} Rbe7 {[%clk 0:07:17]} 24. Ne4
{[%clk 0:52:21]} Qg6 {[%clk 0:04:12]} 25. Nh4 {[%clk 0:49:32]} Qh7
{[%clk 0:04:38]} 26. d5 {[%clk 0:47:57]} Nd4 {[%clk 0:05:01]} 27. Qd3
{[%clk 0:46:26]} Rb7 {[%clk 0:04:23]} 28. Qg3 {[%clk 0:45:19]} Kh8
{[%clk 0:03:53]} 29. Qc3 {[%clk 0:40:50]} Be7 {[%clk 0:03:34]} 30. Nf3
{[%clk 0:40:56]} Nxb3 {[%clk 0:03:46]} 31. Qxb3 {[%clk 0:41:21]} f5
{[%clk 0:04:02]} 32. Nxe5 {[%clk 0:40:51]} fxe4 {[%clk 0:03:25]} 33. Nf7+
{[%clk 0:40:55]} Kg8 {[%clk 0:03:54]} 34. d6 {[%clk 0:41:10]} Kf8
{[%clk 0:03:47]} 35. dxe7+ {[%clk 0:40:11]} Rbxe7 {[%clk 0:03:51]} 36. Nd6
{[%clk 0:40:10]} Be6 {[%clk 0:03:21]} 37. Qxb5 {[%clk 0:40:11]} Bd7
{[%clk 0:03:43]} 38. Qd5 {[%clk 0:38:35]} Be6 {[%clk 0:03:19]} 39. Qc5
{[%clk 0:34:26]} Rb8 {[%clk 0:02:50]} 40. Rxe4 {[%clk 1:01:07]} Qg6
{[%clk 0:31:45]} 41. Re3 {[%clk 0:58:28]} Kg8 {[%clk 0:26:43]} 42. b4
{[%clk 0:57:26]} Rd7 {[%clk 0:23:25]} 43. Nc4 {[%clk 0:50:06]} Rd5
{[%clk 0:10:50]} 44. Qc6 {[%clk 0:48:17]} Bf7 {[%clk 0:06:29]} 45. Ne5
{[%clk 0:43:28]} Qf5 {[%clk 0:06:42]} 46. Nxf7 {[%clk 0:42:34]} Qxf7
{[%clk 0:06:55]} 47. Rf3 {[%clk 0:38:06]} Qh5 {[%clk 0:04:47]} 48. Qe6+
{[%clk 0:33:27]} Kh8 {[%clk 0:05:07]} 49. Qe7 {[%clk 0:31:10]} Qe5
{[%clk 0:04:11]} 50. Qxe5 {[%clk 0:30:44]} Rxe5 {[%clk 0:04:40]} 51. Rb1
{[%clk 0:30:48]} Reb5 {[%clk 0:04:20]} 52. Rf4 {[%clk 0:31:09]} R8b6
{[%clk 0:04:23]} 53. Kf1 {[%clk 0:30:59]} Kh7 {[%clk 0:04:43]} 54. Ke2
{[%clk 0:30:57]} g5 {[%clk 0:04:38]} 55. Re4 {[%clk 0:31:01]} Kg6
{[%clk 0:05:03]} 56. f3 {[%clk 0:30:39]} Kf5 {[%clk 0:04:41]} 57. Kd3
{[%clk 0:29:36]} Rb7 {[%clk 0:04:22]} 58. Kc3 {[%clk 0:29:28]} Rc7+
{[%clk 0:02:26]} 59. Rc4 {[%clk 0:29:19]} Rcb7 {[%clk 0:01:51]} 60. Re1
{[%clk 0:27:36]} R7b6 {[%clk 0:01:35]} 61. Rc5+ {[%clk 0:27:35]} Kf4
{[%clk 0:01:41]} 62. Rxb5 {[%clk 0:27:22]} Rxb5 {[%clk 0:02:09]} 63. Re2
{[%clk 0:26:56]} Rb8 {[%clk 0:01:56]} 64. Kc4 {[%clk 0:24:58]} Rc8+
{[%clk 0:02:19]} 65. Kd5 {[%clk 0:24:56]} Rc1 {[%clk 0:02:00]} 66. Rb2
{[%clk 0:24:29]} 1-0